00405nam a22000977a 4500008004100000050002700041100002500068245014400093260005600237300001400293210222b xxu||||| |||| 00| 0 eng d aGMB0126b.K57 2015 c.1 aKipchumba Lucy Jerop aEffects of credit assesment on loan repayment in microfinance institutions in Nakuru central Business District (CBD)cLucy Jerop Kipchumba  aKabarak, Nakuru, Kenya bKabarak University c2015  a68 leaves